| 000 | 00235nam a22000737a 4500 | ||
|---|---|---|---|
| 999 |
_c24583 _d24583 |
||
| 003 | NUST | ||
| 005 | 20170620140742.0 | ||
| 008 | 140616b xxu||||| |||| 00| 0 eng d | ||
| 020 | _cAvailable | ||
| 022 | _a0889504X | ||
| 040 |
_aDLC _bDLC _cRCMS |
||
| 082 | _a621.19 ASM | ||
| 100 |
_aASME _92951 |
||
| 245 |
_aTransaction of The ASME Journal of Turbomachinery vol-134 No -3,May 2012 _cWisier David C |
||
| 260 |
_aNew-York: _bAmerican Society of Mechanical Engineering: _cMay,2012. |
||
| 300 |
_a236,p: _bill: _c32,cm. |
||
| 440 |
_vVolume:134,Number :3 _92975 |
||
| 504 | _aContent continued on inside back cover. | ||
| 538 | _iShelf No 1 Row No 6 | ||
| 650 |
_aMechanical engineering _91379 |
||
| 942 |
_2ddc _cCR |
||